№ 8 ( 1); Горный журнал

Dettagli Bibliografici
Parent link:Горный журнал: научный производственно-технический журнал/ Московский государственный горный университет ; Санкт-Петербургский государственный горный институт ; Международный горный конгресс. № 8 ( 1).— , 1825-
Lingua:russo
Pubblicazione: 2013
Natura: MixedMaterials Libro
KOHA link:https://koha.lib.tpu.ru/cgi-bin/koha/opac-detail.pl?biblionumber=518119

MARC

LEADER 00000nam2a2200000 4500
001 518119
005 20231101105819.0
035 |a (RuTPU)RU\TPU\prd\196621 
090 |a 518119 
100 |a 20131007a18259999k y0rusy50 ca 
101 0 |a rus 
102 |a RU 
200 0 |a № 8 ( 1) 
210 |d 2013 
461 1 |0 (RuTPU)RU\TPU\prd\1429  |t Горный журнал  |o научный производственно-технический журнал  |f Московский государственный горный университет ; Санкт-Петербургский государственный горный институт ; Международный горный конгресс  |v № 8 ( 1)  |d 1825- 
801 0 |a RU  |b 63413507  |c 20010227  |g PSBO 
801 1 |a RU  |b 63413507  |c 20131007 
801 2 |a RU  |b 63413507  |c 20230404  |g RCR 
942 |c BK 
999 |a НТБ_ТПУ  |b НФ  |e -1/20130109  |p П-802  |s 3/20130508  |u 0,00  |v 1